Sahih Bukhari Sharif (Vol III) (Record no. 9666)

000 -LEADER
fixed length control field 00369 a2200133 4500
040 ## - CATALOGING SOURCE
Original cataloging agency DLC
Language of cataloging DLC
082 ## - DEWEY DECIMAL CLASSIFICATION NUMBER
Classification number 297.124
100 ## - MAIN ENTRY--PERSONAL NAME
Personal name Bukhari, Muhammad Bin Ismaiel
245 ## - TITLE STATEMENT
Title Sahih Bukhari Sharif (Vol III)
Statement of responsibility, etc. Muhammad Bin Ismaiel Bukhari
260 ## - PUBLICATION, DISTRIBUTION, ETC.
Place of publication, distribution, etc. Lahore:
Name of publisher, distributor, etc. Muktaba Rehmania,
Date of publication, distribution, etc. 1999.
300 ## - PHYSICAL DESCRIPTION
Extent 1100
650 ## - SUBJECT ADDED ENTRY--TOPICAL TERM
Topical term or geographic name entry element Hadith (Collection)
942 ## - ADDED ENTRY ELEMENTS (KOHA)
Koha item type Book
Call number prefix 297.124 BUK
Source of classification or shelving scheme
Holdings
Withdrawn status Lost status Damaged status Not for loan Collection code Permanent Location Current Location Shelving location Date acquired Source of acquisition Cost, normal purchase price Total Renewals Full call number Barcode Date last seen Price effective from Koha item type
          NUST Law School (NLS) NUST Law School (NLS) General Stacks 08/20/2005 Academic Book company 731.00 2 297.124 BUK SEECS006330 10/25/2021 01/05/2017 Book
© 2023 Central Library, National University of Sciences and Technology. All Rights Reserved.